| Поле | Название | Значение |
| |
Тип записи |
a |
| |
Библиографический уровень |
m |
| 001 |
Контрольный номер |
RU\infra-m\znanium\bibl\2234744 |
| 005 |
Дата корректировки |
20260429142232.6 |
| 008 |
Кодируемые данные |
260120s2025 RU g rus u |
| 020 |
Индекс ISBN |
__ |
| a |
ISBN |
978-5-9614-6912-7 |
| 040 |
Источник каталогиз. |
__ |
| a |
Служба первич. каталог. |
Общество с ограниченной ответственностью «ЗНАНИУМ» |
| 041 |
Код языка издания |
__ |
| a |
Код языка текста |
rus |
| 044 |
Код страны публикации |
__ |
| a |
Код страны публикации |
RU |
| 080 |
Индекс УДК |
__ |
| a |
Индекс УДК |
316 |
| 084 |
Индекс другой классификации/Индекс ББК |
__ |
| 2 |
Источник индекса |
rubbk |
| a |
Индекс другой классификации/Индекс ББК |
60 |
| 084 |
Индекс другой классификации/Индекс ББК |
__ |
| 2 |
Источник индекса |
okso |
| a |
Индекс другой классификации/Индекс ББК |
37.03.01 |
| 100 |
Автор |
__ |
| a |
Автор |
Дотлих Д. |
| q |
Полное имя |
Дотлих Дэвид |
| 245 |
Заглавие |
__ |
| a |
Заглавие |
11 врагов руководителя: Модели поведения, способные разрушить карьеру и бизнес |
| b |
Продолж. заглавия |
Научно-популярная литература |
| 250 |
Сведения об издании |
__ |
| a |
Основные сведения об издании |
1 |
| 260 |
Выходные данные |
__ |
| a |
Место издания |
Москва |
| b |
Издательство |
ООО "Альпина Паблишер" |
| c |
Дата издания |
2026 |
| 300 |
Физическое описание |
__ |
| a |
Объем |
188 с. |
| 520 |
Аннотация |
__ |
| a |
Аннотация |
«Все — яд все — лекарство» — говорил Парацельс. Это книга о том как именно наши самые яркие достоинства превращаются в критические недостатки. Она посвящена деструкторам — сильным сторонам руководителя вышедшим из-под контроля. Каждое из этих качеств в определенной степени является полезным а иногда даже необходимым чтобы добиться успеха. Однако в стрессовых ситуациях они могут неудержимо набирать силу серьезно подрывая эффективность руководителя и порой приводя к катастрофическим последствиям. Примерами деструкторов могут служить внимание к деталям доходящее до перфекционизма или уверенность в себе которая превращается в самонадеянность. В книге подробно описаны одиннадцать наиболее распространенных деструкторов приведены многочисленные примеры из жизни предложены инструменты самодиагностики и множество практических советов и рекомендаций. При этом книга отнюдь не является «пособием по самообличению и самобичеванию» — наоборот она проникнута оптимизмом и глубочайшим уважением к своеобразию каждой личности. Она — путеводитель который выведет вас к светлой стороне силы. |
| 521 |
Примеч. о цел. назн. |
__ |
| a |
Примеч. о целев. назн. |
Дополнительное профессиональное образование |
| 650 |
Тематические рубрики |
__ |
| a |
Основная рубрика |
Управление (менеджмент) |
| x |
Основная подрубрика |
Теория управления. Исследование систем управления |
| 655 |
Указ. предметных рубрик (устаревшее) |
__ |
| a |
Жанр/ форма (устаревшее) |
Научно-популярная литература |
| 700 |
Другие авторы |
__ |
| a |
Другие авторы |
Кейро П. |
| q |
Полное имя |
Кейро Питер |
| 856 |
Электронный адрес документа |
4_ |
| a |
Имя сервера/домена |
znanium.ru |
| m |
Помощь |
ebs_support@infra-m.ru |
| n |
Местонахождение сервера |
НИЦ ИНФРА-М |
| u |
URL |
https://znanium.ru/catalog/document?id=473356 |
| 856 |
Электронный адрес документа |
48 |
| a |
Имя сервера/домена |
znanium.ru |
| d |
Путь |
/cover/2234 |
| f |
Электронное имя |
2234744.jpg |
| q |
Тип электронного формата |
image/jpeg |
| u |
URL |
https://znanium.ru/cover/2234/2234744.jpg |
| 911 |
|
__ |
| u |
|
0030=https://znanium.ru/catalog/document?id=473356 |